The taming of the shrew (Record no. 4385)

MARC details
000 -LEADER
fixed length control field 00458cam a2200193ua 4500
008 - FIXED-LENGTH DATA ELEMENTS--GENERAL INFORMATION
fixed length control field 150220n ii |||gr||||Z||||||eng
040 ## - CATALOGING SOURCE
Transcribing agency MAIN
041 ## - LANGUAGE CODE
-- eng
082 ## - DEWEY DECIMAL CLASSIFICATION NUMBER
Classification number 822.33
100 ## - MAIN ENTRY--PERSONAL NAME
Personal name Shakespeare,
Relator term
245 ## - TITLE STATEMENT
Title The taming of the shrew
Statement of responsibility, etc. by Shakespeare
250 ## - EDITION STATEMENT
Edition statement 1st.
260 ## - PUBLICATION, DISTRIBUTION, ETC.
Place of publication, distribution, etc. Calcutta:
Name of publisher, distributor, etc. Dass publishing concern.
300 ## - PHYSICAL DESCRIPTION
Extent 87p:
Dimensions 15cm.
700 ## - ADDED ENTRY--PERSONAL NAME
Personal name Sen, & Dad,
Relator term
942 ## - ADDED ENTRY ELEMENTS (KOHA)
Koha item type Books
653 ## - INDEX TERM--UNCONTROLLED
Uncontrolled term Music
Holdings
Withdrawn status Lost status Damaged status Not for loan Home library Current library Shelving location Date acquired Total Checkouts Full call number Barcode Date last seen Copy number Price effective from Koha item type
        Central Library, Naharkatiya College Central Library, Naharkatiya College General Stacks 19/09/2020   822.33 | SHA 5919 19/09/2020 1 19/09/2020 Books

Naharkatiya College © 2020. All rights reserved.

Powered By